000
00205nam a22000857a 4500
008
170220b xxu||||| |||| 00| 0 eng d
100
_9
2929
_a
Goel.D.K.
245
_a
Accountancy-XI
260
_a
New Delhi
_b
Ap
_c
2009
999
_c
6170
_d
6170